[Event "Madrid ch  2012-13 - Semifinal B"]
[Site "Madrid"]
[Date "2013.03.07"]
[Round "1.1"]
[White "Arruebarrena, Rafael"]
[Black "Rojas Pozo, Jose Luis"]
[Result "1-0"]
[WhiteElo "2245"]
[BlackElo "1973"]
[PlyCount "65"]
[EventDate "2013.03.07"]
[EventType "swiss"]
[EventRounds "9"]
[EventCountry "ESP"]
[Source "lmi"]
[SourceDate "2013.03.07"]

1. e4 c6 2. d4 d5 3. Nd2 dxe4 4. Nxe4 Nd7 5. Ng5 Ngf6 6. Bd3 e6 7. N1f3 Bd6 8.
Qe2 h6 9. Ne4 Nxe4 10. Qxe4 Qc7 11. O-O b6 12. Qg4 Kf8 13. Re1 Bb7 14. b3 Nf6
15. Qh3 c5 16. Bb2 a6 17. Rad1 Rd8 18. dxc5 bxc5 19. Ne5 Kg8 20. Bc4 Bxe5 21.
Rxd8+ Qxd8 22. Bxe5 Nd5 23. Qg3 Rh7 24. Bd3 f5 25. Qg6 Bc8 26. Bc4 Bd7 27. Bxd5
exd5 28. Bd6 c4 29. Re7 Bb5 30. Rf7 cxb3 31. axb3 Qxd6 32. Qxd6 Kxf7 33. Qxd5+
1-0

[Event "Madrid ch  2012-13 - Semifinal B"]
[Site "Madrid"]
[Date "2013.03.07"]
[Round "1.2"]
[White "Garcia Herranz, Jesus"]
[Black "Hinojar Diez, David"]
[Result "0-1"]
[WhiteElo "1962"]
[BlackElo "2172"]
[PlyCount "72"]
[EventDate "2013.03.07"]
[EventType "swiss"]
[EventRounds "9"]
[EventCountry "ESP"]
[Source "lmi"]
[SourceDate "2013.03.07"]

1. Nf3 d5 2. d4 Nf6 3. g3 e6 4. Bg2 c5 5. c4 Nc6 6. cxd5 exd5 7. O-O c4 8. Nc3
Be7 9. Ne5 O-O 10. Bg5 Ng4 11. Bxe7 Nxe7 12. Nxg4 Bxg4 13. h3 Be6 14. e3 Qd7
15. Kh2 b5 16. a3 a5 17. Re1 f5 18. h4 Nc8 19. Rb1 b4 20. Na4 Qe7 21. Nc5 Nd6
22. axb4 axb4 23. f3 Ra2 24. Qc1 Bf7 25. e4 fxe4 26. fxe4 dxe4 27. Nxe4 Nxe4
28. Rxe4 Qc7 29. Rf4 c3 30. bxc3 bxc3 31. Kh1 c2 32. Rb7 Ra1 33. Rxc7 Rxc1+ 34.
Kh2 Bb3 35. Rxf8+ Kxf8 36. Be4 Re1 0-1

[Event "Madrid ch  2012-13 - Semifinal B"]
[Site "Madrid"]
[Date "2013.03.07"]
[Round "1.3"]
[White "Pastor Alonso De Prado, Alberto"]
[Black "Lopez Garralon, Miguel"]
[Result "1-0"]
[WhiteElo "2161"]
[BlackElo "1955"]
[PlyCount "71"]
[EventDate "2013.03.07"]
[EventType "swiss"]
[EventRounds "9"]
[EventCountry "ESP"]
[Source "lmi"]
[SourceDate "2013.03.07"]

1. e4 d6 2. d4 Nf6 3. Nc3 Nbd7 4. Nf3 e5 5. Bc4 h6 6. O-O Be7 7. Re1 c6 8. a4
a5 9. b3 Qc7 10. Ba3 Nb6 11. Bf1 Bg4 12. Re3 Nh7 13. d5 O-O 14. h3 Bh5 15. Rd3
Rad8 16. g4 Bg6 17. Bg2 h5 18. Nh2 hxg4 19. hxg4 Nf6 20. Rh3 Nh7 21. Nf1 Nd7
22. Qe2 Ng5 23. Re3 Nf6 24. Rd1 Rc8 25. Rd2 Rfd8 26. Red3 cxd5 27. Nxd5 Nxd5
28. Rxd5 Ne6 29. Qd1 Nd4 30. Ne3 Bg5 31. R5xd4 exd4 32. Nd5 Bxd2 33. Nxc7 Rxc7
34. Qxd2 Rdc8 35. Qxd4 Rxc2 36. Bf1 1-0

[Event "Madrid ch  2012-13 - Semifinal B"]
[Site "Madrid"]
[Date "2013.03.07"]
[Round "1.4"]
[White "Garcia-Ruiz Fuentes, Angel M"]
[Black "Gomez Gonzalez, Javier"]
[Result "0-1"]
[WhiteElo "1952"]
[BlackElo "2141"]
[PlyCount "66"]
[EventDate "2013.03.07"]
[EventType "swiss"]
[EventRounds "9"]
[EventCountry "ESP"]
[Source "lmi"]
[SourceDate "2013.03.07"]

1. e4 c5 2. Nf3 d6 3. d4 cxd4 4. Nxd4 Nf6 5. Nc3 a6 6. Bd3 Nbd7 7. O-O Nc5 8.
Bg5 e6 9. Be3 Be7 10. f4 Qc7 11. Qf3 b5 12. e5 Bb7 13. Qg3 Nh5 14. Qg4 g6 15.
f5 Nxd3 16. cxd3 dxe5 17. fxe6 f6 18. Nf5 Qc8 19. Nh6 Ng7 20. Nf7 O-O 21. Nh6+
Kh8 22. Ne4 Qxe6 23. Qh4 Rac8 24. Rac1 Rxc1 25. Bxc1 Nf5 26. Nxf5 gxf5 27. Qh3
Bc8 28. Bh6 Rg8 29. Nd2 f4 30. Qxe6 Bxe6 31. Re1 Bb4 32. Bxf4 Bd5 33. Rxe5
Rxg2+ 0-1

[Event "Madrid ch  2012-13 - Semifinal B"]
[Site "Madrid"]
[Date "2013.03.07"]
[Round "1.5"]
[White "Cabañas Bravo, Juan Andres"]
[Black "Esquivias Gomez, Francisco Javier"]
[Result "0-1"]
[WhiteElo "2103"]
[BlackElo "1951"]
[PlyCount "66"]
[EventDate "2013.03.07"]
[EventType "swiss"]
[EventRounds "9"]
[EventCountry "ESP"]
[Source "lmi"]
[SourceDate "2013.03.07"]

1. e4 d5 2. Nf3 dxe4 3. Ng5 Bf5 4. Nc3 Nf6 5. f3 e3 6. d4 e6 7. Bxe3 Bb4 8. Bd3
Nd5 9. Qd2 Nxe3 10. Qxe3 Bxd3 11. cxd3 h6 12. Nge4 Nc6 13. a3 Nxd4 14. O-O-O
Be7 15. Kb1 O-O 16. g4 f5 17. Nd2 fxg4 18. fxg4 Bg5 19. Qe4 Rf2 20. Nc4 b5 21.
Ne5 Rf4 22. Qg2 Rb8 23. Ng6 b4 24. axb4 Rf6 25. Qe4 Rxb4 26. h4 Rf2 27. Na4 Qb8
28. Qxd4 Rxd4 29. Rhf1 Be3 30. Rxf2 Bxf2 31. Rf1 Rxa4 32. Rxf2 Rxg4 33. h5 Qe8
0-1

[Event "Madrid ch  2012-13 - Semifinal B"]
[Site "Madrid"]
[Date "2013.03.07"]
[Round "1.6"]
[White "Camarero Izquierdo, Juan Carlos"]
[Black "Estrada Martinez, Cesar"]
[Result "0-1"]
[WhiteElo "1934"]
[BlackElo "2050"]
[PlyCount "122"]
[EventDate "2013.03.07"]
[EventType "swiss"]
[EventRounds "9"]
[EventCountry "ESP"]
[Source "lmi"]
[SourceDate "2013.03.07"]

1. d4 Nf6 2. Nc3 d5 3. Bg5 Bf5 4. Bxf6 exf6 5. e3 c6 6. Bd3 Bg6 7. Bxg6 hxg6 8.
Qd3 Bb4 9. Nge2 Nd7 10. f3 f5 11. O-O-O Nf6 12. e4 fxe4 13. fxe4 dxe4 14. Nxe4
Nxe4 15. Qxe4+ Qe7 16. Qd3 O-O-O 17. Kb1 Rhe8 18. Nc1 Bd6 19. g3 Kb8 20. Rhf1
Rd7 21. Rf3 Qe4 22. Qb3 f5 23. Rfd3 Bc7 24. Qa4 Red8 25. Nb3 Bb6 26. Nd2 Qe2
27. Nf3 g5 28. a3 Qe7 29. Ne5 Rd6 30. c3 Re6 31. Re1 Qf6 32. Rde3 Red6 33. Qb3
f4 34. Re4 Rf8 35. Nc4 Rd7 36. Nxb6 axb6 37. Qxb6 f3 38. Re8+ Rd8 39. Rxd8+
Rxd8 40. Rf1 Re8 41. Qb3 Re2 42. Qd1 Qe6 43. d5 Qe4+ 44. Ka2 Qc4+ 45. Qb3 Rxb2+
46. Kxb2 Qxf1 47. dxc6 Qe2+ 48. Ka1 Qe7 49. Qg8+ Ka7 50. cxb7 Qxb7 51. Qf8 g4
52. Qc5+ Qb6 53. Qe7+ Ka6 54. Qe8 f2 55. Qa8+ Kb5 56. a4+ Kc4 57. Qc8+ Kb3 58.
Qg8+ Kc2 59. Qa2+ Kxc3 60. Qa3+ Kd2 61. Qa2+ Ke1 0-1

[Event "Madrid ch  2012-13 - Semifinal B"]
[Site "Madrid"]
[Date "2013.03.07"]
[Round "1.7"]
[White "Madurga Lopez, Ignacio"]
[Black "Ruiz Quevedo, Andres"]
[Result "1-0"]
[WhiteElo "2027"]
[BlackElo "1925"]
[PlyCount "91"]
[EventDate "2013.03.07"]
[EventType "swiss"]
[EventRounds "9"]
[EventCountry "ESP"]
[Source "lmi"]
[SourceDate "2013.03.07"]

1. e4 c5 2. Nf3 e6 3. c3 Nf6 4. Bd3 Nc6 5. Bc2 Qc7 6. O-O b6 7. Re1 Ba6 8. d3
d6 9. a3 Be7 10. d4 e5 11. d5 Nd8 12. b3 O-O 13. Nbd2 Ne8 14. Nf1 g6 15. Ng3
Ng7 16. h3 Bc8 17. Nh2 f5 18. exf5 gxf5 19. Nh5 Nf7 20. Nxg7 Kxg7 21. Qh5 Kh8
22. Bxf5 Bxf5 23. Qxf5 Ng5 24. Qd3 Rg8 25. f4 exf4 26. Bxf4 Raf8 27. Bxg5 Rxg5
28. Re6 Rfg8 29. Ng4 Bf8 30. Ra2 Qg7 31. Qf3 Qb7 32. c4 Qg7 33. Kh2 Qd4 34. Re4
Qg7 35. Re3 Qg6 36. Rf2 Bg7 37. Re6 Qb1 38. Rf1 Qb2 39. Re2 Qxa3 40. Re7 Qb2
41. Rf2 Qc3 42. Qxc3 Bxc3 43. Nh6 Bd4 44. Nf7+ Kg7 45. Nxg5+ Kg6 46. Ne4 1-0

[Event "Madrid ch  2012-13 - Semifinal B"]
[Site "Madrid"]
[Date "2013.03.07"]
[Round "1.8"]
[White "Lopez Ziegler, Carlos"]
[Black "Muñoz Manzano, Jose Manuel"]
[Result "0-1"]
[WhiteElo "1913"]
[BlackElo "2011"]
[PlyCount "126"]
[EventDate "2013.03.07"]
[EventType "swiss"]
[EventRounds "9"]
[EventCountry "ESP"]
[Source "lmi"]
[SourceDate "2013.03.07"]

1. e4 c6 2. d4 d5 3. exd5 cxd5 4. Bd3 Nc6 5. c3 Nf6 6. h3 Qc7 7. Nf3 g6 8. O-O
Bg7 9. Re1 O-O 10. Na3 a6 11. Nc2 Bf5 12. Ne3 Bxd3 13. Qxd3 e6 14. Ng4 Nd7 15.
Bd2 Nf6 16. Nge5 Nxe5 17. Nxe5 Nd7 18. f4 Nf6 19. Rf1 Ne4 20. Be3 f6 21. Ng4 h5
22. Nf2 Ng3 23. Rfe1 f5 24. Qc2 Rac8 25. Nd3 b6 26. Rad1 Qc4 27. Qb3 Qc7 28.
Qa4 a5 29. Qb5 Ne4 30. Ne5 Bxe5 31. dxe5 Rb8 32. Rd4 Rfc8 33. Kh2 Qc6 34. Qxc6
Rxc6 35. a4 Rbc8 36. Red1 Kf7 37. Kg1 Nc5 38. c4 dxc4 39. Rxc4 R8c7 40. Bxc5
Rxc5 41. Rxc5 bxc5 42. Kf2 Rb7 43. Rd2 Ke7 44. Kg3 Rb4 45. Rd6 Rxa4 46. Rc6 c4
47. Rc5 Rb4 48. Kh4 Rxb2 49. Rxc4 Rb4 50. Rc7+ Kd8 51. Ra7 Rxf4+ 52. Kg5 Rf2
53. Kxg6 Rxg2+ 54. Kf6 f4 55. Ra8+ Kd7 56. Rxa5 f3 57. Ra7+ Kc6 58. Ra3 f2 59.
Rf3 Kd5 60. Rf4 Rh2 61. h4 Rg2 62. Kf7 Kxe5 63. Rf6 Kd5 0-1

[Event "Madrid ch  2012-13 - Semifinal B"]
[Site "Madrid"]
[Date "2013.03.07"]
[Round "1.9"]
[White "Cano Cabanillas, Javier"]
[Black "Marcos Herrero, Francisco"]
[Result "1-0"]
[WhiteElo "2007"]
[BlackElo "1912"]
[PlyCount "55"]
[EventDate "2013.03.07"]
[EventType "swiss"]
[EventRounds "9"]
[EventCountry "ESP"]
[Source "lmi"]
[SourceDate "2013.03.07"]

1. d4 d5 2. Nc3 c5 3. Nf3 Bf5 4. dxc5 e6 5. e4 dxe4 6. Qxd8+ Kxd8 7. Ng5 Bg6 8.
Ngxe4 Nd7 9. Be3 Ngf6 10. Nxf6 gxf6 11. O-O-O Kc8 12. Na4 Be7 13. Bb5 Rd8 14.
c6 Ne5 15. Rxd8+ Bxd8 16. cxb7+ Kxb7 17. Nc5+ Kc8 18. Ba6+ Kc7 19. Be2 Be7 20.
Rd1 Rd8 21. Rxd8 Bxd8 22. Kd2 Be7 23. h4 Bxc5 24. Bxc5 Be4 25. f3 Bd5 26. Bxa7
Nc4+ 27. Kc3 Nd6 28. Bf2 1-0

[Event "Madrid ch  2012-13 - Semifinal B"]
[Site "Madrid"]
[Date "2013.03.07"]
[Round "1.10"]
[White "Tirado Parra, Alberto"]
[Black "Martin Hernandez, Vicente"]
[Result "0-1"]
[WhiteElo "1896"]
[BlackElo "2005"]
[PlyCount "42"]
[EventDate "2013.03.07"]
[EventType "swiss"]
[EventRounds "9"]
[EventCountry "ESP"]
[Source "lmi"]
[SourceDate "2013.03.07"]

1. Nf3 d5 2. c4 e6 3. g3 Nf6 4. Bg2 g6 5. O-O Bg7 6. d4 O-O 7. Qc2 Nbd7 8. cxd5
exd5 9. Bf4 c6 10. Ne5 Qb6 11. Nd2 Qxd4 12. Nxc6 bxc6 13. Qxc6 Nb6 14. Rfd1 Qa4
15. Qxa4 Nxa4 16. Nc4 Ba6 17. Ne3 Nxb2 18. Rd4 Nc4 19. Nxc4 Bxc4 20. Rad1 Bxe2
21. R1d2 Bc4 0-1

[Event "Madrid ch  2012-13 - Semifinal B"]
[Site "Madrid"]
[Date "2013.03.07"]
[Round "1.11"]
[White "Garcia Sanz, Eduardo"]
[Black "Garcia Serrano, Jose Manuel II"]
[Result "1-0"]
[WhiteElo "2003"]
[BlackElo "1892"]
[PlyCount "51"]
[EventDate "2013.03.07"]
[EventType "swiss"]
[EventRounds "9"]
[EventCountry "ESP"]
[Source "lmi"]
[SourceDate "2013.03.07"]

1. e4 e5 2. Nf3 Nc6 3. Nc3 Nf6 4. d4 exd4 5. Nd5 Nxd5 6. exd5 Qe7+ 7. Be2 Ne5
8. O-O d6 9. Qxd4 Bd7 10. Bf4 c5 11. dxc6 Nxc6 12. Qd2 O-O-O 13. Rfe1 h6 14.
Qc3 Qe4 15. Bd2 Kb8 16. Bc4 Qg6 17. Qb3 Bh3 18. g3 Ne5 19. Nxe5 dxe5 20. Bd5
Rd7 21. Rxe5 Bd6 22. Be4 f5 23. Re6 Qf7 24. Bd5 Qf8 25. Rxd6 f4 26. Rxd7 1-0

[Event "Madrid ch  2012-13 - Semifinal B"]
[Site "Madrid"]
[Date "2013.03.07"]
[Round "1.12"]
[White "Plazuelo Pascual, Juan"]
[Black "Vukotic Jovsic, Dragan"]
[Result "0-1"]
[WhiteElo "1872"]
[BlackElo "1993"]
[PlyCount "132"]
[EventDate "2013.03.07"]
[EventType "swiss"]
[EventRounds "9"]
[EventCountry "ESP"]
[Source "lmi"]
[SourceDate "2013.03.07"]

1. d4 c5 2. d5 d6 3. c4 b5 4. cxb5 a6 5. bxa6 Bxa6 6. Nc3 Nd7 7. Nf3 Ngf6 8. g3
g6 9. Bg2 Bg7 10. Rb1 O-O 11. O-O Qa5 12. Bd2 Rfb8 13. Qc2 Nb6 14. b3 Qa3 15.
Bc1 Qa5 16. Bd2 Qa3 17. Bc1 Qa5 18. Bd2 Qb4 19. h3 Qa3 20. Bc1 Qa5 21. Bd2 Qa3
22. Bc1 Qa5 23. Bd2 Bb7 24. a4 Qa6 25. e4 Nfd7 26. Rfc1 c4 27. b4 Nxa4 28. Nxa4
Qxa4 29. Qxa4 Rxa4 30. Rxc4 Kf8 31. Bc3 Bxc3 32. Rxc3 Ba6 33. b5 Rxb5 34. Rxb5
Bxb5 35. Nd2 Nc5 36. e5 Ra1+ 37. Kh2 Ra2 38. exd6 exd6 39. Nb3 Ra3 40. Rxc5
dxc5 41. Nxc5 Ke7 42. Ne4 f5 43. Ng5 h6 44. Nf3 Ra2 45. Kg1 Ra1+ 46. Kh2 Bf1
47. Ne5 Bxg2 48. Kxg2 Ra6 49. g4 f4 50. h4 g5 51. hxg5 hxg5 52. Kf3 Ra4 53. d6+
Kf6 54. Nd7+ Kf7 55. Nc5 Rd4 56. Ne4 Kg6 57. Nc3 Rxd6 58. Ke4 Rd2 59. f3 Rc2
60. Kd3 Rc1 61. Kd2 Ra1 62. Kd3 Re1 63. Ne2 Kf6 64. Kd2 Rf1 65. Nd4 Ke5 66. Ke2
Kxd4 0-1

[Event "Madrid ch  2012-13 - Semifinal B"]
[Site "Madrid"]
[Date "2013.03.07"]
[Round "1.13"]
[White "Ruiz Sanchez, Roberto"]
[Black "Dominguez Alfara, Miguel"]
[Result "1-0"]
[WhiteElo "1981"]
[BlackElo "1842"]
[PlyCount "55"]
[EventDate "2013.03.07"]
[EventType "swiss"]
[EventRounds "9"]
[EventCountry "ESP"]
[Source "lmi"]
[SourceDate "2013.03.07"]

1. e4 e5 2. Nf3 Nf6 3. d4 Nxe4 4. Bd3 d5 5. Nxe5 Bd6 6. O-O O-O 7. c4 c6 8. Nc3
f6 9. Nf3 Nxc3 10. bxc3 Be6 11. Qc2 f5 12. c5 Bc7 13. Re1 Qf6 14. Bg5 Qf7 15.
Re3 Nd7 16. Rae1 Rae8 17. Qe2 h6 18. Bh4 Nxc5 19. dxc5 Bd7 20. Be7 f4 21. Bxf8
fxe3 22. Bd6 exf2+ 23. Qxf2 Rxe1+ 24. Qxe1 Ba5 25. Ne5 Qe6 26. Qf2 Qe8 27. Nxd7
Bxc3 28. Qf8+ 1-0

[Event "Madrid ch  2012-13 - Semifinal B"]
[Site "Madrid"]
[Date "2013.03.07"]
[Round "1.14"]
[White "Arroyo Fernandez, Francisco J"]
[Black "Sotoca Aguado, Jose"]
[Result "1/2-1/2"]
[WhiteElo "1832"]
[BlackElo "1976"]
[PlyCount "66"]
[EventDate "2013.03.07"]
[EventType "swiss"]
[EventRounds "9"]
[EventCountry "ESP"]
[Source "lmi"]
[SourceDate "2013.03.07"]

1. d4 Nf6 2. Nf3 b6 3. c4 Bb7 4. Nc3 e6 5. a3 Be7 6. Bf4 d6 7. e3 O-O 8. Be2
Nbd7 9. h3 Ne4 10. Nxe4 Bxe4 11. O-O f5 12. Nd2 Bb7 13. Bf3 Qc8 14. Rc1 e5 15.
Bh2 Bf6 16. Qa4 Bxf3 17. Nxf3 c6 18. Rfd1 e4 19. Nd2 Be7 20. b4 Qb7 21. Qb3 Kh8
22. a4 Rac8 23. Ra1 Nf6 24. Nb1 d5 25. Nc3 Qd7 26. Be5 dxc4 27. Qxc4 Nd5 28.
Nxd5 cxd5 29. Qb5 Qe6 30. Rdc1 h6 31. Qa6 Qd7 32. a5 Rxc1+ 33. Rxc1 Bd8 1/2-1/2

[Event "Madrid ch  2012-13 - Semifinal B"]
[Site "Madrid"]
[Date "2013.03.08"]
[Round "2.1"]
[White "Martin Hernandez, Vicente"]
[Black "Arruebarrena, Rafael"]
[Result "0-1"]
[WhiteElo "2005"]
[BlackElo "2245"]
[PlyCount "70"]
[EventDate "2013.03.07"]
[EventType "swiss"]
[EventRounds "9"]
[EventCountry "ESP"]
[Source "lmi"]
[SourceDate "2013.03.07"]

1. d4 Nf6 2. c4 g6 3. Nc3 d5 4. cxd5 Nxd5 5. e4 Nxc3 6. bxc3 Bg7 7. Bc4 O-O 8.
Ne2 c5 9. Be3 Nc6 10. O-O Na5 11. Bb3 b6 12. Bd5 Bb7 13. Bxb7 Nxb7 14. e5 Rc8
15. Rc1 Na5 16. f4 Nc4 17. Qd3 Qd5 18. a4 Rfd8 19. Bf2 Rd7 20. Qh3 Rdc7 21. f5
cxd4 22. Bxd4 Bxe5 23. fxg6 hxg6 24. Rf4 Bxd4+ 25. cxd4 Nd6 26. Rxc7 Rxc7 27.
Rh4 Qg5 28. Rh8+ Kg7 29. Rh7+ Kf6 30. Qf3+ Qf5 31. Nf4 Rc1+ 32. Kf2 Ne4+ 33.
Ke3 Re1+ 34. Ne2 Qxf3+ 35. gxf3 Nc3 0-1

[Event "Madrid ch  2012-13 - Semifinal B"]
[Site "Madrid"]
[Date "2013.03.08"]
[Round "2.2"]
[White "Hinojar Diez, David"]
[Black "Cano Cabanillas, Javier"]
[Result "1/2-1/2"]
[WhiteElo "2172"]
[BlackElo "2007"]
[PlyCount "36"]
[EventDate "2013.03.07"]
[EventType "swiss"]
[EventRounds "9"]
[EventCountry "ESP"]
[Source "lmi"]
[SourceDate "2013.03.07"]

1. e4 e6 2. d3 d5 3. Nd2 Nf6 4. Ngf3 dxe4 5. dxe4 Nc6 6. g3 e5 7. Bg2 Bb4 8. c3
Bd6 9. Qe2 a5 10. O-O b6 11. Rd1 Ba6 12. c4 Qe7 13. Nf1 Bc5 14. Be3 O-O 15. Bg5
h6 16. Be3 Ng4 17. Bxc5 Qxc5 18. b3 Nf6 1/2-1/2

[Event "Madrid ch  2012-13 - Semifinal B"]
[Site "Madrid"]
[Date "2013.03.08"]
[Round "2.3"]
[White "Vukotic Jovsic, Dragan"]
[Black "Pastor Alonso De Prado, Alberto"]
[Result "1/2-1/2"]
[WhiteElo "1993"]
[BlackElo "2161"]
[PlyCount "115"]
[EventDate "2013.03.07"]
[EventType "swiss"]
[EventRounds "9"]
[EventCountry "ESP"]
[Source "lmi"]
[SourceDate "2013.03.07"]

1. d4 d5 2. Bf4 Nf6 3. e3 c5 4. Nf3 Nc6 5. c3 Qb6 6. Qb3 c4 7. Qxb6 axb6 8. Na3
Ra5 9. Bc7 Ra6 10. Nc2 Bf5 11. b4 b5 12. e4 dxe4 13. Nh4 Be6 14. Ne3 g5 15.
Nhf5 Bxf5 16. Nxf5 Nd5 17. Bg3 Ra3 18. Ne3 Nxc3 19. Kd2 Rxa2+ 20. Rxa2 Nxa2 21.
Nd5 Bg7 22. Nc7+ Kd7 23. Nxb5 f5 24. Bxc4 Naxb4 25. f4 gxf4 26. Bxf4 Nxd4 27.
Nxd4 Bxd4 28. Rb1 Kc6 29. Rxb4 Kc5 30. Ra4 b5 31. Bxb5 e5 32. Bxe5 Bxe5 33. Bd7
Rd8 34. Ra5+ Kc4 35. Rxe5 Rxd7+ 36. Ke3 Rd3+ 37. Ke2 Rd5 38. Re7 h5 39. g3 Kd4
40. Rh7 Ra5 41. Rxh5 Ra2+ 42. Kf1 Ke3 43. Rxf5 Rxh2 44. Rf8 Ra2 45. g4 Ra1+ 46.
Kg2 Ke2 47. Rf2+ Kd3 48. Rf6 e3 49. Rd6+ Ke2 50. Kg3 Rg1+ 51. Kf4 Kf2 52. g5 e2
53. Re6 e1=Q 54. Rxe1 Rxe1 55. g6 Rg1 56. Kf5 Kg3 57. Kg5 Kf3+ 58. Kf6 1/2-1/2

[Event "Madrid ch  2012-13 - Semifinal B"]
[Site "Madrid"]
[Date "2013.03.08"]
[Round "2.4"]
[White "Gomez Gonzalez, Javier"]
[Black "Garcia Sanz, Eduardo"]
[Result "1-0"]
[WhiteElo "2141"]
[BlackElo "2003"]
[PlyCount "53"]
[EventDate "2013.03.07"]
[EventType "swiss"]
[EventRounds "9"]
[EventCountry "ESP"]
[Source "lmi"]
[SourceDate "2013.03.07"]

1. e4 c5 2. Nf3 e6 3. d4 cxd4 4. Nxd4 Nc6 5. Be3 Nf6 6. Bd3 Qc7 7. O-O Nxd4 8.
Bxd4 e5 9. Be3 Bc5 10. Bg5 Qc6 11. Nc3 O-O 12. Qf3 Be7 13. Rad1 a6 14. Nd5 Bd8
15. Qg3 Re8 16. f4 Nxd5 17. exd5 Qc5+ 18. Kh1 Bxg5 19. fxg5 g6 20. Qf3 Qf8 21.
d6 Qg7 22. Bc4 Rf8 23. Qd5 Rb8 24. Rxf7 Rxf7 25. Rf1 Kh8 26. Rxf7 Qg8 27. Qxe5+
1-0

[Event "Madrid ch  2012-13 - Semifinal B"]
[Site "Madrid"]
[Date "2013.03.08"]
[Round "2.5"]
[White "Estrada Martinez, Cesar"]
[Black "Ruiz Sanchez, Roberto"]
[Result "1/2-1/2"]
[WhiteElo "2050"]
[BlackElo "1981"]
[PlyCount "51"]
[EventDate "2013.03.07"]
[EventType "swiss"]
[EventRounds "9"]
[EventCountry "ESP"]
[Source "lmi"]
[SourceDate "2013.03.07"]

1. c4 c6 2. e4 d5 3. exd5 cxd5 4. d4 Nf6 5. Nc3 e6 6. Nf3 Be7 7. Bd3 O-O 8. O-O
Nc6 9. Bg5 Nb4 10. Be2 dxc4 11. Bxc4 a6 12. a3 Nbd5 13. Ne5 Qd6 14. Qf3 Nb6 15.
Rad1 Nxc4 16. Nxc4 Qc7 17. Ne5 Bd7 18. Nxd7 Qxd7 19. d5 Nxd5 20. Nxd5 exd5 21.
Rxd5 Qe6 22. Bxe7 Qxe7 23. Rfd1 Rad8 24. g3 Rxd5 25. Qxd5 g6 26. h4 1/2-1/2

[Event "Madrid ch  2012-13 - Semifinal B"]
[Site "Madrid"]
[Date "2013.03.08"]
[Round "2.6"]
[White "Esquivias Gomez, Francisco Javier"]
[Black "Madurga Lopez, Ignacio"]
[Result "0-1"]
[WhiteElo "1951"]
[BlackElo "2027"]
[PlyCount "122"]
[EventDate "2013.03.07"]
[EventType "swiss"]
[EventRounds "9"]
[EventCountry "ESP"]
[Source "lmi"]
[SourceDate "2013.03.07"]

1. c4 Nf6 2. Nc3 c5 3. Nf3 Nc6 4. d4 cxd4 5. Nxd4 g6 6. e4 d6 7. Nc2 Bg7 8. g3
Bg4 9. f3 Bd7 10. Bg2 h5 11. h4 O-O 12. O-O Qc8 13. Kh2 Na5 14. Nd5 Re8 15. b3
Nxd5 16. Qxd5 Bxa1 17. Nxa1 Qc5 18. Qd2 Qc7 19. Qh6 Nxc4 20. bxc4 Qxc4 21. Bb2
e5 22. Bc1 Re6 23. Bg5 Qxa2 24. f4 exf4 25. gxf4 Bc6 26. Kg1 Qb2 27. f5 gxf5
28. Qxh5 Bxe4 29. Bxe4 Rxe4 30. Bf4 Qd4+ 31. Kh1 Rxf4 32. Qg5+ Kf8 33. Qxf4
Qxf4 34. Rxf4 Re8 35. Kg2 Re2+ 36. Rf2 Re5 37. Nc2 Kg7 38. Kg3 Kf6 39. Rf4 a5
40. Nd4 a4 41. Rf3 Rd5 42. Ne2 Ra5 43. Ra3 b5 44. Nc3 f4+ 45. Kxf4 b4 46. Ne4+
Kg6 47. Rg3+ Kh6 48. Nxd6 b3 49. Nc4 Rb5 50. Ke4 b2 51. Na3 b1=Q+ 52. Nxb1 Rxb1
53. Kf5 Ra1 54. Rf3 Kg7 55. h5 Rh1 56. Kg4 Rg1+ 57. Kf5 Rh1 58. Kg4 Rb1 59. Rf4
a3 60. Ra4 Ra1 61. Ra7 a2 0-1

[Event "Madrid ch  2012-13 - Semifinal B"]
[Site "Madrid"]
[Date "2013.03.08"]
[Round "2.7"]
[White "Muñoz Manzano, Jose Manuel"]
[Black "Lacaci Otero, Ivan"]
[Result "1-0"]
[WhiteElo "2011"]
[BlackElo "1694"]
[PlyCount "59"]
[EventDate "2013.03.07"]
[EventType "swiss"]
[EventRounds "9"]
[EventCountry "ESP"]
[Source "lmi"]
[SourceDate "2013.03.07"]

1. d4 Nf6 2. Nf3 c5 3. d5 g6 4. g3 d6 5. c4 Bg7 6. Nc3 O-O 7. Bg2 Na6 8. O-O
Nc7 9. e4 e6 10. dxe6 Bxe6 11. Qd3 Ng4 12. h3 Ne5 13. Nxe5 Bxe5 14. Be3 Rb8 15.
f4 Bxc3 16. Qxc3 b5 17. b3 f5 18. Rad1 b4 19. Qd2 fxe4 20. Qxd6 Qc8 21. Bxc5
Re8 22. g4 h5 23. gxh5 gxh5 24. Bxe4 Bf7 25. Bg2 Re6 26. Qd7 Rg6 27. Qxc8+ Rxc8
28. Bxb4 Kh7 29. Kh2 Rcg8 30. Be4 1-0

[Event "Madrid ch  2012-13 - Semifinal B"]
[Site "Madrid"]
[Date "2013.03.08"]
[Round "2.8"]
[White "Sotoca Aguado, Jose"]
[Black "Cabañas Bravo, Juan Andres"]
[Result "0-1"]
[WhiteElo "1976"]
[BlackElo "2103"]
[PlyCount "110"]
[EventDate "2013.03.07"]
[EventType "swiss"]
[EventRounds "9"]
[EventCountry "ESP"]
[Source "lmi"]
[SourceDate "2013.03.07"]

1. e4 e5 2. Nf3 Nc6 3. Bb5 a6 4. Ba4 Nf6 5. O-O Nxe4 6. d4 b5 7. d5 Ne7 8. Bb3
d6 9. c4 Nc5 10. Be3 e4 11. Nd4 Rb8 12. cxb5 axb5 13. Nc3 b4 14. Nce2 g6 15.
Bg5 Bd7 16. Bf6 Rg8 17. Nf4 Bg7 18. Bxg7 Rxg7 19. Rc1 h5 20. Re1 Kf8 21. f3
exf3 22. Qxf3 Kg8 23. Bc2 Nc8 24. Nd3 Qg5 25. Nxc5 dxc5 26. Nc6 Bxc6 27. dxc6
Nd6 28. Rcd1 c4 29. Rd5 f5 30. Rde5 Qd2 31. Qf2 Qxf2+ 32. Kxf2 Kf8 33. Ke3 Rb6
34. a4 Rxc6 35. Kd4 b3 36. Bb1 Ra6 37. a5 Rd7 38. Kc3 Kf7 39. Kb4 h4 40. g4
hxg3 41. hxg3 Kf6 42. g4 Nf7 43. Rc5 fxg4 44. Kb5 Rad6 45. a6 Rb6+ 46. Ka5 Rdd6
47. Rxc4 Rxa6+ 48. Kb4 Rdb6+ 49. Kc3 Rc6 50. Kxb3 Rxc4 51. Kxc4 Re6 52. Rf1+
Ke7 53. b4 Ne5+ 54. Kd5 Nf3 55. Rh1 g3 0-1

[Event "Madrid ch  2012-13 - Semifinal B"]
[Site "Madrid"]
[Date "2013.03.08"]
[Round "2.9"]
[White "Rojas Pozo, Jose Luis"]
[Black "Arroyo Fernandez, Francisco J"]
[Result "1-0"]
[WhiteElo "1973"]
[BlackElo "1832"]
[PlyCount "49"]
[EventDate "2013.03.07"]
[EventType "swiss"]
[EventRounds "9"]
[EventCountry "ESP"]
[Source "lmi"]
[SourceDate "2013.03.07"]

1. d4 d5 2. Nf3 c5 3. e3 Nc6 4. c4 cxd4 5. exd4 Nf6 6. Nc3 Bf5 7. a3 e6 8. Qb3
Qb6 9. Qxb6 axb6 10. cxd5 exd5 11. Bb5 O-O-O 12. Bxc6 bxc6 13. Ne5 Re8 14. O-O
Rxe5 15. dxe5 Nd7 16. Bf4 h6 17. a4 g5 18. Bg3 Bg7 19. a5 bxa5 20. Rxa5 Nxe5
21. Nxd5 cxd5 22. Rxd5 f6 23. Rc1+ Kb7 24. Rb5+ Ka6 25. Rb3 1-0